000 00543nam a2200217 a 4500
999 _c4162
_d4162
001 4162
003 BD-JhCC
005 20210329134019.0
008 171116s1938 uk |||| |||| 000 0 eng d
035 _a(BD-JhCC)
040 _aBD-JhCC
_dBD-JhCC
041 _aeng
082 _a823.88
_bELI 1938
100 _aEliot, George
245 _aAdam Bede /
_cGeorge Eliot
260 _aLondon :
_bOxford University Press,
_c1938
300 _a85 p.;
_c14 cm.
490 _aTales Retold for esay reading
650 _aAdam Bede
942 _2ddc
_cBK
_02